MARC details
| 000 -CABECERA |
| campo de control de longitud fija |
03862nam a2200289 a 4500 |
| 003 - IDENTIFICADOR DEL NÚMERO DE CONTROL |
| campo de control |
OSt |
| 005 - FECHA Y HORA DE LA ÚLTIMA TRANSACCIÓN |
| campo de control |
20251112142802.0 |
| 007 - CAMPO FIJO DE DESCRIPCIÓN FÍSICA--INFORMACIÓN GENERAL |
| campo de control de longitud fija |
cr ||||||||c|a |
| 008 - DATOS DE LONGITUD FIJA--INFORMACIÓN GENERAL |
| campo de control de longitud fija |
230531s2019 mx a|||fom||| 001 0 spa d |
| 040 ## - FUENTE DE LA CATALOGACIÓN |
| Normas de descripción |
rda |
| 100 1# - ENTRADA PRINCIPAL--NOMBRE DE PERSONA |
| 9 (RLIN) |
187271 |
| Nombre de persona |
Sánchez Antúnez, Darío |
| 245 10 - MENCIÓN DE TÍTULO |
| Título |
Evaluación de ensilado de maguey (Agave asperrima J.) y nopal (Opuntia spp) seco fermetado / |
| Mención de responsabilidad, etc. |
por Darío Sánchez Antúnez; director de tesis Miguel Ángel Mata Espinosa. |
| 264 ## - PRODUCCIÓN, PUBLICACIÓN, DISTRIBUCIÓN, FABRICACIÓN Y COPYRIGHT |
| Producción, publicación, distribución, fabricación y copyright |
Durango, México : |
| Nombre del de productor, editor, distribuidor, fabricante |
El autor, |
| Fecha de producción, publicación, distribución, fabricación o copyright |
2019. |
| 300 ## - DESCRIPCIÓN FÍSICA |
| Extensión |
1 recurso en línea (75 páginas): |
| Otras características físicas |
cuadros, figuras. |
| 336 ## - TIPO DE CONTENIDO |
| Fuente |
rdacontent |
| Término de tipo de contenido |
texto |
| Código de tipo de contenido |
txt |
| 337 ## - TIPO DE MEDIO |
| Fuente |
rdamedia |
| Nombre/término del tipo de medio |
computadora |
| Código del tipo de medio |
c |
| 338 ## - TIPO DE SOPORTE |
| Fuente |
rdacarrier |
| Nombre/término del tipo de soporte |
recurso en línea |
| Código del tipo de soporte |
cr |
| 502 ## - NOTA DE TESIS |
| Tipo de título |
Ingeniería en Sistemas Pecuarios |
| Nombre de la institución que otorga el título |
Unidad Regional Universitaria de Zonas Áridas, |
| Año de obtención del título |
2019. |
| 504 ## - NOTA DE BIBLIOGRAFÍA, ETC. |
| Nota de bibliografía, etc. |
Incluye referencias bibliográficas: páginas 55-63. |
| 520 ## - SUMARIO, ETC. |
| Sumario, etc. |
Con el objetivo de evaluar el comportamiento, contenido nutritivo y composición química de ensilado de maguey (Agave asperrima J.) con inclusión de nopal (Opuntia spp) seco fermentado, se llevó a cabo el presente estudio en el Ejido Roma Texas, Mapimí, Durango. Se seleccionó al azar una magueyera natural y dentro de la misma a individuos que estuvieran próximos a desarrollar el escapo floral, se les cortó las pencas y el cogollo, después se picaron en partículas de aproximadamente 1.5 a 2 cm2. El nopal seco fermentado se obtuvo mediante la mezcla de Opuntia molido e inoculado con Sacharomyces cereviceae (1 %) y una fuente de nutrientes (urea al 2 % y bisulfito de sodio 0.02 %) en un biorreactor (Nopafer- Registro No. 2641 IMPI). Los tratamientos consistieron en T1: Agave picado + nopal seco fermentado (10 % de inclusión); T2: Agave picado + nopal seco fermentado (20 % de inclusión); T3: Agave picado + nopal seco fermentado (30 % de inclusión). Se elaboraron ensilados y después de la fermentación se les determinó pH, materia seca (MS, %), densidad de materia verde (kg m-3), materia seca (kg m-3), el contenido de proteína total (PT, %), fibra detergente acido (FDA, %), fibra detergente neutro (FDN, %), carbohidratos no fibrosos (CNF, %), nutrientes digestibles totales (NDT, %), energía neta para lactancia (ENl, Mcal kg-1 MS), energía neta para mantenimiento (ENm, Mcal kg-1 MS), energía neta para ganancia (ENg, Mcal kg-1 MS), energía metabolizable (EM, Mcal kg-1 MS), valor relativo de forraje (VRF) y cenizas (%). Los datos se analizaron estadísticamente utilizando el programa SAS® y se realizó un análisis de varianza, utilizando un diseño completamente al azar con 3 tratamientos y 5 repeticiones. La prueba de medias fue realizada con el procedimiento de Tukey con un nivel de significancia de α= 0.05. Los resultados indican que, al aumentar la inclusión de seco fermentado en el ensilado, incrementa el contenido de MS (23.20 a 27.88 %), disminuye la densidad de MV (910.9 a 898.2 kg m-3), incrementa la densidad de MS (214.2 a 258.9 kg m-3) y PT (10.6 a 12.8 %). Sin embargo, no se encontró una tendencia marcada en algunas variables como el pH (3.7 a 4.0), FDN (23.9 a 25.6 %), FDA (24.06 a 23.07 %), CNF (48.69 a 43.13 %), NDT (63.53 a 61.22 %), EM (2.28 a 2.25 Mcal kg-1 MS), ENl (1.41 a 1.39 Mcal kg-1 MS), ENm (1.45 a 1.41 Mcal kg-1 MS), ENg (0.86 a 0.83 Mcal kg-1 MS), VRF (273.66 a 254.99). El contenido de cenizas aumento de 15.83 (T1) a 17.40 (T3). De acuerdo con los resultados obtenidos en el presente estudio, se concluye que es factible elaborar ensilados Agave picado con nopal seco fermentado a un 30 % de inclusión. |
| 650 #4 - PUNTO DE ACCESO ADICIONAL DE MATERIA--TÉRMINO DE MATERIA |
| 9 (RLIN) |
132693 |
| Término de materia o nombre geográfico como elemento de entrada |
Agave como forraje |
| Subdivisión general |
Valor nutritivo |
| 650 #4 - PUNTO DE ACCESO ADICIONAL DE MATERIA--TÉRMINO DE MATERIA |
| 9 (RLIN) |
81712 |
| Término de materia o nombre geográfico como elemento de entrada |
Nopal como forraje |
| 650 #4 - PUNTO DE ACCESO ADICIONAL DE MATERIA--TÉRMINO DE MATERIA |
| 9 (RLIN) |
81702 |
| Término de materia o nombre geográfico como elemento de entrada |
Nopal |
| Subdivisión general |
Valor nutritivo |
| 700 1# - PUNTO DE ACCESO ADICIONAL--NOMBRE DE PERSONA |
| 9 (RLIN) |
72862 |
| Nombre de persona |
Mata Espinosa, Miguel Angel |
| Término indicativo de función/relación |
director. |
| 856 ## - LOCALIZACIÓN Y ACCESO ELECTRÓNICOS |
| Identificador Uniforme del Recurso |
http://10.13.5.2/tesis/tl/Sanchez_Antunez_Dario.pdf |
| Nota pública |
DESCARGAR PDF |
| 942 ## - ELEMENTOS DE PUNTO DE ACCESO ADICIONAL (KOHA) |
| Fuente del sistema de clasificación o colocación |
Clasificación Universidad Autónoma Chapingo |
| Tipo de ítem Koha |
Tesis digital |